000 00523nam a22001817a 4500
005 20170808113612.0
010 _aENG-119534
020 _a9789385493621
_c499.00
035 _aEN-103066
037 _bDBAD/PUB
082 _aN
100 _aShalabh Krishan
245 _aOM /
_cby Shalabh Krishan
260 _aGhaziabad
_bRathore Publishers and Distributors
_c2018
270 _aBasement-260,Shaktikhand -III,Indirapuram
_bGhaziabad
_e201010
300 _aviii,457p. :
_c22cm(pbk)
_bill.
942 _2ddc
_cEN
_hN
_mSHA
999 _c143141
_d143141